| 000 | 00736nam a2200277Ia 4500 | ||
|---|---|---|---|
| 001 | 21966 | ||
| 005 | 20240114000619.0 | ||
| 007 | ta | ||
| 008 | 060310s342 g b000 u ud u | ||
| 040 | _aCotton College,Assam | ||
| 041 | _aud | ||
| 082 |
_a297.27 _bGh 342 Be |
||
| 100 | _aGhazali, Imam Abu Hamid Muhammad. | ||
| 245 | 0 |
_aBedayatul Hedaya / _cImam Abu Hamid Muhammad Ghazali. _hTextual Documents |
|
| 246 | _aBeginning of the right path. | ||
| 250 | _a1st ed. / | ||
| 260 |
_aSl : _bSn , _c1342 Hijri. |
||
| 300 |
_a96p. ; _c22cm. |
||
| 653 | _aReligion-Islam | ||
| 653 | _aHadith | ||
| 653 | _aArabic-Religion | ||
| 653 | _aG-Urdu | ||
| 942 |
_2ddc _cBK |
||
| 999 |
_c21948 _d21948 |
||